00436nam a2200121Ia 4500008004100000245012100041260004500162260000900207300000900216500001300225650001300238856006300251170516s9999 xx 000 0 und d aOxygen transmission of modified natural rubber, poly (lactic acid) and chitosan porous structures for wound dressing bAsian Journal of Pharmaceutical Sciences c2016 a11:1 aFebruary xPharmacy uhttp://www.sciencedirect.com/science/journal/18180876/11/1